Le Metropolitan Museum of Art en images - Statistiques

Statistiques générales
  • Ce quiz a été pris 19 fois
  • Le résultat moyen est 4 sur 14
Statistiques - réponses
Par images Hint Réponse % Correct
Hokusai La Grande Vague de Kanagawa
88%
Espace vert Central park
53%
Paul Cézanne Les Joueurs de cartes
53%
Sandro Botticelli Annonciation
29%
Jacques-Louis David La Mort de Socrate
29%
Nicolas Poussin L'enlèvement des Sabines
24%
Film Ocean's 8
24%
Mascotte (faïence, XXe siècle av. J.-C.) William l'hippopotame en faïence
18%
Pharaonne représentée sur le sphinx Hatshepsout
12%
Pieter Brueghel l'Ancien La Moisson
12%
Collecte de fonds Met Gala
12%
Rosa Bonheur Le Marché aux Chevaux
6%
El Greco Vue de Tolède
6%
Auguste Rodin Adam
0%
Aucun quiz correspondant
Distribution des résultats
% des personnes avec chaque résultat
Percentile par nombre de réponses
Votre historique - résultats
Vous n’avez pas pris ce quiz